000 00583nam a2200205Ia 4500
003 GCL
008 140319s9999 xx 000 0 ara d
040 _aGCL /
_cGCL
082 0 4 _a792.028
_bب ف
100 1 _aطه فوزى
245 1 0 _aفن الممثل /
_cطه فوزى
700 1 _aباربارو، ا.
700 1 _aكيارينى, ل
300 _a148 ص
490 _aالهيئة العامة للاستعلامات
_v0
650 0 4 _aالتمثيل
650 0 4 _aالتمثيل فى المسرح
650 0 4 _aالتمثيل فى السينما
942 _2ddc
_cBK
999 _c49952
_d49952